| 000 | 00803nam a22002297a 4500 | ||
|---|---|---|---|
| 005 | 20170124110132.0 | ||
| 010 | _aA-869508 | ||
| 020 | _c00.00 | ||
| 035 | _aA-869508 | ||
| 037 | _bCen Lib/Ret | ||
| 040 |
_aDPL _bEN |
||
| 082 |
_a634.9 _bDRA |
||
| 245 |
_aDrafting a people's forest bill : _cEdited by Walter Fernandes _bthe forest dweller-social activist alternative / |
||
| 260 |
_aNew Delhi _bIndian Social Institute _c1996 |
||
| 270 |
_a10 Institutional Area _bNew Delhi _e110003 |
||
| 300 |
_a213p. _c22cm(Hb) |
||
| 500 | _aIncludes bibliographical references and index | ||
| 650 |
_aForestry law and legislation -- India _932325 |
||
| 650 |
_aForest policy -- India -- Citizen participation _932326 |
||
| 700 |
_aFernandes, Walter _96949 |
||
| 942 |
_2ddc _cEN _h634.9 _mDRA |
||
| 999 |
_c131633 _d131633 |
||